Revue Pédagogique [1904. évf. ] /

Elmentve itt :
Bibliográfiai részletek
Szerző: Pauler Ákos
Dokumentumtípus: Cikk
Megjelent: 1904
Sorozat:Magyar pedagógia : a Magyar Tudományos Akadémia Pedagógiai Bizottságának folyóirata 13
Kulcsszavak:Pedagógiai szakirodalom külföldi szemle 1904, Lapszemle
Online Access:http://misc.bibl.u-szeged.hu/8026
LEADER 00684nab a2200181 i 4500
001 misc8026
005 20191106144016.0
008 170607s1904 hu o 0|| hun d
022 |a 0025-0260 
040 |a SZTE Miscellanea Repozitórium  |b hun 
041 |a hun 
100 1 |a Pauler Ákos 
245 1 0 |a Revue Pédagogique   |h [elektronikus dokumentum] :  |b [1904. évf. ] /  |c  Pauler Ákos 
260 |c 1904 
300 |a 633-635 
490 0 |a Magyar pedagógia : a Magyar Tudományos Akadémia Pedagógiai Bizottságának folyóirata  |v 13 
695 |a Pedagógiai szakirodalom külföldi szemle 1904, Lapszemle 
856 4 0 |u http://misc.bibl.u-szeged.hu/8026/1/mp_1904_0992_633-635.pdf  |z Dokumentum-elérés